000
00311nam a2200109Ia 4500
008
201231s9999 xx 000 0 und d
100
_a
Gill, S S
245
4
_a
The Dynasty: A Polititical biography of the premier ruling family of modern India
260
_a
New Delhi
_b
Harper Collins
300
_a
568
942
_c
BK
999
_c
9337
_d
9337